000 00604nam a2200241Ia 4500
003 OSt
005 20221007104233.0
006 a|||||r|||| 00| 0
007 ta
008 221006b |||||||| |||| 00| 0 eng d
024 _a15,274
037 _cTextual
040 _aLCO
_cLCO
_beng
041 _2eng
_aeng
082 _aZ3,91, L7
100 _aFarrar John H.
_9690763
245 0 _aLegal Method
260 _aLondon
_bSweet & Maxwell UK
_c1977
300 _a258
650 _aLEGAL METHOD
_9705913
942 _hZ3,91, L7
_cTEXL
999 _c1184837
_d1184837